Statistics for New York Rangers Roster 2021-2022

Click here to take the quiz!

General Stats

  • This quiz has been taken 51 times
  • The average score is 19 of 29

Answer Stats

Jersey NumberPlayer% Correct
23Adam Fox
96%
10Artemi Panarin
96%
79K'andre Miller
96%
93Mika Zibanejad
96%
20Chris Kreider
93%
8Jacob Trouba
93%
13Alexis Lafreniere
89%
31Igor Shesterkin
89%
55Ryan Lindgren
89%
21Barclay Goodrow
86%
40Alexandar Georgiev
82%
72Filip Chytil
82%
24Kaapo Kakko
82%
75Ryan Reaves
79%
45Braden Schneider
68%
16Ryan Strome
68%
77Frank Vatrano
64%
18Andrew Copp
57%
6Zachary Jones
57%
15Julien Gauthier
54%
76Jonny Brodzinski
46%
25Libor Hajek
46%
29Dryden Hunt
43%
91Sammy Blais
39%
12Patrik Nemeth
29%
14Greg McKegg
25%
17Kevin Rooney
25%
27Nils Lundkvist
21%
47Morgan Barron
11%

Score Distribution

Percentile by Number Answered

Percent of People with Each Score

Your Score History

You have not taken this quiz